000 02321cam a22003738i 4500
003 3228
005 20250820111020.0
008 191218s2020 nyu b 001 0 eng
020 _a9781138743410
_q(hardback)
020 _a9781138743427
_q(paperback)
020 _z9781315181752
_q(ebook)
035 _a21339656
040 _aDLC
_beng
_erda
_cDLC
042 _apcc
050 0 0 _aP118.2
_b.G37 2020
082 0 4 _a418.0071
_223
100 1 _aGass, Susan M.,
_eauthor.
245 1 0 _aSecond language acquisition :
_ban introductory course /
_cSusan M. Gass with Jennifer Behney and Luke Plonsky.
250 _aFifth edition.
263 _a2003
264 1 _aNew York, NY :
_bRoutledge,
_c2020.
300 _apages cm
336 _atext
_btxt
_2rdacontent
337 _aunmediated
_bn
_2rdamedia
338 _avolume
_bnc
_2rdacarrier
504 _aIncludes bibliographical references and index.
520 _a"Now in a fifth edition, this bestselling introductory textbook remains the cornerstone volume for the study of second language acquisition (SLA). Its chapters have been fully updated, and reorganized where appropriate, to provide a comprehensive yet accessible overview of the field and its related disciplines. To reflect current developments, new sections and expanded discussions have been added. The fifth edition of Second Language Acquisition retains the features that students found useful in previous editions. This edition provides pedagogical tools that encourage students to reflect upon the experiences of second language learners. As with previous editions, discussion questions and problems at the end of each chapter help students apply their knowledge, and a glossary defines and reinforces must-know terminology. This clearly-written, comprehensive, and current textbook, by Susan Gass, Jennifer Behney, and Luke Plonsky, is the ideal textbook for the introductory SLA course in second language studies, applied linguistics, linguistics, TESOL, and language education programs"--
_cProvided by publisher.
650 0 _aSecond language acquisition.
700 1 _aBehney, Jennifer,
_eauthor.
700 1 _aPlonsky, Luke,
_eauthor.
906 _a7
_bcbc
_corignew
_d1
_eecip
_f20
_gy-gencatlg
942 _2ddc
_cBOOK
_w570
_xG Nkuna
_y570
_zG Nkuna
999 _c783169
_d783168